Famous Quotes - Statistics

General Stats
  • This quiz has been taken 60 times
  • The average score is 7 of 13
Answer Stats
Quote Year Answer % Correct
May the Force be With You. 1977 Star Wars
96%
My mama said life is like a box of chocolates. You never know what you're gonna get. 1944 Forrest Gump
84%
I'm gonna make him an offer he can't refuse. 1972 The Godfather
75%
Hasta la vista, baby. 1991 Terminator 2: Judgement Day
74%
Here's Johnny! 1980 The Shining
74%
You're gonna need a Bigger Boat. 1975 Jaws
72%
Frankly, my dear, I don't give a damn. 1939 Gone With The Wind
63%
Say "Hello" to my little friend! 1983 Scarface
60%
If you built it, he will come. 1989 Field of Dreams
44%
Are you the police? No ma'am. We're Musicians. 1980 The Blues Brothers
44%
Show me the Money! 1996 Jerry Maguire
40%
We're on a Mission from god. 1980 The Blues Brothers
11%
The Right man in the Wrong place can make all the Difference in the World. 2004 Half-Life 2
7%
No matching quizzes found
Score Distribution
Percent of People with Each Score
Percentile by Number Answered
Your Score History
You have not taken this quiz